000 00488nam a2200193Ia 4500
003 GCL
008 140319s9999 xx 000 0 ara d
040 _aGCL /
_cGCL
082 0 4 _a813
_bم ف
100 1 _aمحمود تيمور
245 1 0 _aفن القصص ط2 /
_cمحمود تيمور
300 _a111 ص
490 _a
650 0 4 _aالادب العربى
650 0 4 _aاللغة العربية
650 0 4 _aالقصص
650 0 4 _aتاريخ ونقد
942 _2ddc
_cBK
999 _c38205
_d38205